| 000 | 01038nam a22002777a 4500 | ||
|---|---|---|---|
| 999 |
_c111488 _d111488 |
||
| 003 | dpl | ||
| 005 | 20201020153327.0 | ||
| 008 | 201020b ||||| |||| 00| 0 eng d | ||
| 010 | _aB-151581 | ||
| 020 | _c150.00 | ||
| 035 | _aB-151581 | ||
| 037 | _bCen Lib/Ret | ||
| 040 |
_aDPL _bHN _cDPL |
||
| 082 |
_a921 _bतिवारी |
||
| 100 |
_aतिवारी, रीमा _943114 |
||
| 245 |
_aभगवान बुद्ध / _cरीमा तिवारी |
||
| 246 |
_aBhagwan budh _bby Reema Tiwari |
||
| 260 |
_bशिवालिक पब्लिकेशन्स _aदिल्ली _c2006 |
||
| 270 |
_a122, राम विहार _bदिल्ली _e110092 |
||
| 300 |
_a119पृ. : _c21सेमी (सजिल्द) _bचित्र |
||
| 650 |
_aहिंदी - कहानी _943115 |
||
| 650 |
_aहिंदी साहित्य _943116 |
||
| 650 |
_aHindi - story _943117 |
||
| 650 |
_aHindi literature _943118 |
||
| 942 |
_2ddc _cHN _h921 _mतिवारी |
||